00685nam a22002297a 450000500170000001000130001702000090003003500130003903700160005204000120006808200130008010000250009324500410011826000330015927000390019230000200023165000230025165000180027494200240029299900190031695201200033520170124105947.0 aA-838071 c7.00 aA-838071 bCen Lib/Ret aDPLbEN a230bTIK aTikkoo, T. N.973583 aThe Casletial flutecby T. N. Tikkoo aNew DelhibT.N. Tikkooc1974 aK-4, Hauz Khas bNew Delhie110016 a188p.c16cm(Hb) aMahabharat 973584 aStory 912604 2ddccENh230.1mTIK c124986d124986 00104070aLbLd2015-06-19eCen Lib/Retg7.00l0o230 TIKpA-838071r2015-06-19 00:00:00t1v7.00w2015-06-19yEN